| 000 | 00926nam a22002657a 4500 | ||
|---|---|---|---|
| 003 | CHAP | ||
| 005 | 20220329140743.0 | ||
| 008 | 971013s r 00010 d | ||
| 010 | _a57105 | ||
| 011 | _a58077 | ||
| 035 | _a62232 | ||
| 040 | _cCHAP | ||
| 090 | _aR-1841 | ||
| 100 | 0 | 0 |
_aSchwarzbart, Gideon. _9103295 |
| 245 | _aRecent advances and trends in the design and implementation of management information. systems | ||
| 500 | _aSobretiro de: Proc. Int. Symp. IUFRO Subject Gp. 6.03 Information Systems and Terminology. Hamburg, Germany, 1979. pp.87-93 | ||
| 590 |
_aBATCH-UPD _b10 _c20130110 _lUCH01 _h0641 |
||
| 590 |
_aBATCH-UPD _b10 _c20130410 _lUCH01 _h0325 |
||
| 590 |
_aBATCH-UPD _b10 _c20130914 _lUCH01 _h0716 |
||
| 590 |
_aCONVERSION _b10 _c20130109 _lUCH01 _h1331 |
||
| 650 | 1 | 4 |
_aBosques _xSistemas de información. _914387 |
| 901 | _aBK | ||
| 942 | _cREIMP | ||
| 949 |
_aR-1841 _bBC _cR _d-133370 _eTS1 _i62232 _si |
||
| 999 |
_c57105 _d57105 |
||